Estadísticas para Palabras Cruzadas #1

Haz click aquí para intentar la prueba.

Estadísticas generales

  • Esta prueba ha sido intentada 105 veces
  • La puntuación promedio es 8 de 8

Respuestas en el mapa

Las respuestas están codificadas por una escala verde-roja en el mapa de la prueba según el % correcto abajo.
 

Estadísticas de respuestas

PistaComida% Correcto
PerúCeviche
100%
EspañaPaella
100%
ItaliaPizza
100%
JapónSushi
100%
MéxicoTacos
100%
ArgentinaAsado
99%
BrasilFeijoada
99%
MéxicoBurrito
98%

Distribución de puntuación

Porcentaje por número respondido

Porcentaje de gente con cada puntuación

Historial de tus puntuaciones

No has intentado esta prueba.